000 00709nam a2200193 i 4500
001 93868
003 ES-MaACL
005 20230906181332.0
007 t|
008 050421s1982 sp ||||1| spa d
100 1 _aLópez González, Juan-Jaime.
_973681
245 1 0 _aOrígenes del movimiento obrero en Aragón (1854-1890) /
_cJuan-Jaime López González, José García Lasaosa; presentación de Juan Rivero Lamas.
260 _aZaragoza :
_bInstitución "Fernando el Católico",
_c1982.
300 _a478 p. ;
_c22 cm.
700 1 _aGarcía Lasaosa, José.
_954812
700 1 _aRivero Lamas, Juan.
_997705
710 2 _aInstitución "Fernando el Católico"
_94721
852 _aES-MaACL
_jL-1996
_bR.103015
999 _c93868
_d93868